|
|
|
|
| LEADER |
01407nam a2200337 a 4500 |
| 001 |
36198 |
| 003 |
BD-DhAAL |
| 005 |
20211130114252.0 |
| 008 |
190924t2005 nyua b 001 0 eng |
| 999 |
|
|
|c 41411
|d 41411
|
| 010 |
|
|
|a 2005041972
|
| 020 |
|
|
|a 9780521849111 ( hardback : alk. paper)
|
| 020 |
|
|
|a 052184911X (hardback : alk. paper)
|
| 020 |
|
|
|a 9780521613835 (pbk.)
|
| 020 |
|
|
|a 0521613833 (pbk.)
|
| 040 |
|
|
|a DLC
|c DLC
|d DLC
|d BD-DhAAL
|
| 050 |
0 |
0 |
|a P53.85
|b .R534 2005
|
| 082 |
0 |
0 |
|a 407.11
|2 22
|
| 100 |
1 |
|
|a Richards, Jack C.,
|d 1943-
|9 35274
|
| 245 |
1 |
0 |
|a Professional development for language teachers :
|b strategies for teacher learning /
|c Jack C. Richards and Thomas S.C. Farrell.
|
| 260 |
|
|
|a New York :
|b Cambridge University Press,
|c 2005.
|
| 300 |
|
|
|a x, 202 pages :
|b illustrations ;
|c 23 cm.
|
| 490 |
|
|
|a Cambridge language education
|
| 504 |
|
|
|a Includes bibliographical references and index.
|
| 526 |
|
|
|a BIED
|
| 541 |
|
|
|a Complimentary copy from BIED
|e 36198
|
| 650 |
|
0 |
|a Language teachers
|x Training of.
|9 35275
|
| 700 |
1 |
|
|a Farrell, Thomas S. C.
|q (Thomas Sylvester Charles)
|9 35276
|
| 852 |
|
|
|a Ayesha Abed Library
|c BIED Collection
|
| 942 |
|
|
|2 ddc
|c BK
|
| 952 |
|
|
|0 0
|1 0
|2 ddc
|4 0
|6 407_110000000000000_RIC
|7 0
|9 66509
|a BRACUL
|b BRACUL
|c GEN
|d 2019-09-24
|e Complimentary copy from BIED
|l 0
|o 407.11 RIC
|p 3010036198
|r 2019-09-24
|t 1
|w 2019-09-24
|y BK
|x Transferred from BIED to General Stacks
|